Asymptotic stochastics: An introduction with a view towards statistics (Record no. 1309249)

MARC details
000 -LEADER
fixed length control field 01173nam a2200229 4500
005 - DATE AND TIME OF LATEST TRANSACTION
control field 20250421125130.0
008 - FIXED-LENGTH DATA ELEMENTS--GENERAL INFORMATION
fixed length control field 250421b |||||||| |||| 00| 0 eng d
020 ## - INTERNATIONAL STANDARD BOOK NUMBER
International Standard Book Number 9783662689226
037 ## - SOURCE OF ACQUISITION
Terms of availability Textual
040 ## - CATALOGING SOURCE
Original cataloging agency RTL
Transcribing agency RTL
084 ## - COLON CLASSIFICATION NUMBER
Classification number X:(B28) R4
Assigning agency RTL
100 ## - MAIN ENTRY--PERSONAL NAME
Personal name Henze, Norbert
9 (RLIN) 752579
245 ## - TITLE STATEMENT
Title Asymptotic stochastics: An introduction with a view towards statistics
260 ## - PUBLICATION, DISTRIBUTION, ETC.
Place of publication, distribution, etc. Berlin
Name of publisher, distributor, etc. Springer
Date of publication, distribution, etc. 2024
300 ## - PHYSICAL DESCRIPTION
Extent xix, 467 p. : ill.
Other physical details Includes bibliographical references and index
490 ## - SERIES STATEMENT
Series statement Mathematics study resources
Volume/sequential designation Vol. 10
520 ## - SUMMARY, ETC.
Summary, etc. This textbook, which is based on the second edition of a book that has been previously published in German language, provides a comprehension-oriented introduction to asymptotic stochastics. It is aimed at the beginning of a master's degree course in mathematics and covers the material that can be taught in a four-hour lecture with two-hour exercises. Individual chapters are also suitable for seminars at the end of a bachelor's degree course.<br/><br/>
650 ## - SUBJECT ADDED ENTRY--TOPICAL TERM
Topical term or geographic name entry element Mathematics
9 (RLIN) 752580
650 ## - SUBJECT ADDED ENTRY--TOPICAL TERM
Topical term or geographic name entry element Statistics
9 (RLIN) 752581
650 ## - SUBJECT ADDED ENTRY--TOPICAL TERM
Topical term or geographic name entry element Stochastics
9 (RLIN) 752582
942 ## - ADDED ENTRY ELEMENTS (KOHA)
Source of classification or shelving scheme Colon Classification (CC)
Suppress in OPAC No
Koha item type Textbook
Classification part X:(B28) R4
Holdings
Withdrawn status Lost status Source of classification or shelving scheme Damaged status Not for loan Home library Current library Date acquired Total Checkouts Full call number Barcode Date last seen Price effective from Koha item type
    Colon Classification (CC)     Ratan Tata Library Ratan Tata Library 2025-04-21   X:(B28) R4 RT1528400 2025-04-21 2025-04-21 Textbook
Copyright @ Delhi University Library System